Formule 1 - Pilote par son nombre de victoires - Statistiques

Statistiques générales
  • Ce quiz a été pris 44 fois
  • Le résultat moyen est 16 sur 20
Statistiques - réponses
Nombre de victoires Dernière victoire Nationalité Pilote % Correct
105 2024 Royaume-Uni Lewis Hamilton
100%
69 2025 Pays-Bas Max Verstappen
100%
41 1993 Brésil Ayrton Senna
97%
51 1993 France Alain Prost
95%
32 2013 Espagne Fernando Alonso
92%
53 2019 Allemagne Sebastian Vettel
92%
21 2018 Finlande Kimi Räikkönen
89%
20 2001 Finlande Mika Häkkinen
87%
8 2021 Australie Daniel Ricciardo
84%
10 2021 Finlande Valtteri Bottas
84%
11 2008 Brésil Felipe Massa
79%
5 1985 Finlande Keke Rosberg
79%
15 2012 Royaume-Uni Jenson Button
74%
25 1985 Autriche Niki Lauda
74%
9 2012 Australie Mark Webber
71%
1 2012 Venezuela Pastor Maldonado
66%
14 1975 Brésil Emerson Fittipaldi
63%
8 1972 Belgique Jacky Ickx
61%
31 1994 Royaume-Uni Nigel Mansell
58%
4 1968 Nouvelle-Zélande Bruce McLaren
32%
Aucun quiz correspondant
Distribution des résultats
% des personnes avec chaque résultat
Percentile par nombre de réponses
Votre historique - résultats
Vous n’avez pas pris ce quiz